1881 1921 1426 1219 1786 1182 1655 1929 1537 1145 1873 1065 1946 1191 1563 1284 1960 1362 1991 1617 1686 1870 1210 1978 1361 1582 1089 1712 1586 1228 1221 1593 1717 1566 1537 1484 1982 1563 1151 1939 1664 1747 1168 1789 1362 1904 1529 1765 1451 1953 1512 1211 1790 1686 1316 1454 1145 1734 1661 1067 1540 1607 1467 1314 1702 1907 1703 1708 1893 1434 1017 1188 1089 1476 1445 1774 1513 1052 1752 1898 1633 1667 1924 1829 1768 1025 1150 1948 1136 1990 1966 1566 1143 1459 1986 1349 1161 1954 1390 BCNSPRNW ULIB Ver.6.0+V

เปลี่ยนเป็นภาษาไทย

Change to English
 แสดงรายละเอียดบรรณานุกรม
  กลับหน้าหลัก

Brief Record : Get Marc (ISO 2709) : E-mail record : QR code < ปิดหน้าต่าง
LEADER : 00000nam 2200000uu 4500
001    13399120349
003     ULIB
008    120918s2550||||th 000 0 tha d
020    ^a9789747231595
050    ^aQZ200^bอ858ม
100    ^aอุไรวรรณ อธิคมกมลาศัย
245    ^aเมื่อผู้พิพากษาเป็นมะเร็งและรู้ถึงความตาย/^cอุไรวรรณ อธิคมกมลาศัย
260    ^aวิญญูชน :^bกรุงเทพมหานคร,^c2550
300    ^a72 หน้า
650    ^aโรคมะเร็ง
945    ^p50^l0^i14300
999    ^aกัณชพร
รายการนี้ยังไม่มีแท็ก
คุณยังไม่ได้ล็อกอิน คุณสามารถมีกิจกรรมร่วมกับเว็บไซต์ได้ แต่ต้องล็อกอินก่อน ::
  ล็อกอิน

รายการสื่อสารสนเทศ

ลำดับที่ ประเภท เลขเรียก/บาร์โค้ด สถานที่ สถานะ
1. วิทยาศาสตร์การแพทย์ และสุขภาพ
วิทยาศาสตร์การแพทย์ และสุขภาพ
QZ200 อ858ม  
  Barcode: 14300
ห้องสมุดวิทยาเขตสวรรค์ประชารักษ์
►หนังสือทั่วไป
บนชั้น

รายการใกล้เคียง
    หัวเรื่อง [โรคมะเร็ง]

BibComment


ยังไม่เคยถูกคอมเมนท์

คอมเมนท์ทรัพยากรรายการนี้
  คอมเมนท์: เมื่อผู้พิพากษาเ..


 Copyright 2026. Bcnsprnw @Library